Economic Survey of Europe 2005/02 (Record no. 6296)

MARC details
000 -LEADER
fixed length control field 00532nam a22002177i 4500
001 - CONTROL NUMBER
control field 7394
003 - CONTROL NUMBER IDENTIFIER
control field OSt
005 - DATE AND TIME OF LATEST TRANSACTION
control field 20180917092600.0
007 - PHYSICAL DESCRIPTION FIXED FIELD--GENERAL INFORMATION
fixed length control field tu
008 - FIXED-LENGTH DATA ELEMENTS--GENERAL INFORMATION
fixed length control field 161220s2005 xxu||||| |||| 00| 0 d
020 ## - INTERNATIONAL STANDARD BOOK NUMBER
International Standard Book Number 92-1-116932-1
024 7# - OTHER STANDARD IDENTIFIER
Standard number or code 7394
Source of number or code RID
024 7# - OTHER STANDARD IDENTIFIER
Standard number or code 7394
Source of number or code RSN (alt)
040 ## - CATALOGING SOURCE
Transcribing agency OSt
110 2# - MAIN ENTRY--CORPORATE NAME
Corporate name or jurisdiction name as entry element Economic Commission for Europe
245 00 - TITLE STATEMENT
Title Economic Survey of Europe 2005/02
260 ## - PUBLICATION, DISTRIBUTION, ETC.
Place of publication, distribution, etc. New York,
Date of publication, distribution, etc. 2005.
300 ## - PHYSICAL DESCRIPTION
Extent 86 S. ;
Dimensions 30cm.
490 ## - SERIES STATEMENT
Series statement Economic Survey of Europe
Volume/sequential designation 2005/02
International Standard Serial Number 0070-8712
942 ## - ADDED ENTRY ELEMENTS (KOHA)
Koha item type Journal
Holdings
Withdrawn status Lost status Damaged status Not for loan Home library Current library Shelving location Date acquired Inventory number Total Checkouts Barcode Date last seen Price effective from Koha item type
        WIIW WIIW Library 10/31/2005 7394   10003122 01/26/2017 01/26/2017 Periodical
The Vienna Instiute for International Economic Studies (wiiw)